<?xml version="1.0" encoding="UTF-8"?>
<record
    xmlns:xsi="http://www.w3.org/2001/XMLSchema-instance"
    xsi:schemaLocation="http://www.loc.gov/MARC21/slim http://www.loc.gov/standards/marcxml/schema/MARC21slim.xsd"
    xmlns="http://www.loc.gov/MARC21/slim">

  <leader>02128nam a22002177a 4500</leader>
  <controlfield tag="008">120420t        xxu||||| |||| 00| 0 eng d</controlfield>
  <datafield tag="020" ind1=" " ind2=" ">
    <subfield code="a">0321308123</subfield>
  </datafield>
  <datafield tag="050" ind1=" " ind2=" ">
    <subfield code="a">HG181.M558</subfield>
  </datafield>
  <datafield tag="100" ind1=" " ind2=" ">
    <subfield code="a">Mishkin, Frederic S.</subfield>
  </datafield>
  <datafield tag="245" ind1=" " ind2=" ">
    <subfield code="a">Financial markets and institutions. / </subfield>
    <subfield code="c">Frederic S, Mishkin and Stanley G. Eakins.</subfield>
  </datafield>
  <datafield tag="250" ind1=" " ind2=" ">
    <subfield code="a">5th ed.</subfield>
  </datafield>
  <datafield tag="260" ind1=" " ind2=" ">
    <subfield code="a">Boston :  </subfield>
    <subfield code="b">Pearson Addison Wesley,</subfield>
    <subfield code="c">2006.</subfield>
  </datafield>
  <datafield tag="300" ind1=" " ind2=" ">
    <subfield code="a">xxxix, 672 + various pagings : </subfield>
    <subfield code="b">col. ill. ; </subfield>
    <subfield code="c">27 cm.</subfield>
  </datafield>
  <datafield tag="440" ind1=" " ind2=" ">
    <subfield code="a">Addison-Wesley series in finance.</subfield>
  </datafield>
  <datafield tag="500" ind1=" " ind2=" ">
    <subfield code="a">Includes glossary and index.</subfield>
  </datafield>
  <datafield tag="505" ind1=" " ind2=" ">
    <subfield code="a">Contents: Part One: Introduction: Why study financial markets and institutions? -- Overview of the financial system -- Part Two: Fundamentals of financial markets: What do interest rates mean and what is their role in valuation? -- Why do interest rates change? -- How do risk and term structure affect interest rates? -- Are financial markets efficient? -- Part Three: Central banking and the conduct of monetary policy: Structure of central banks and the federal reserve system -- Conduct of monetary policy:tools, goals, and targets -- Part Four: Financial markets: The Money markets -- The Bond market -- The Stock market -- The Mortgage markets -- The Foreign exchange market -- The International financial system -- Part Five: Fundamentals of financial institutions: Why do financial institutions exist? -- What should be done about conflicts of interest in the financial industry? -- Part Six: The Financial institutions industry: Banking and the management of financial institutions -- Commercial banking industry:structure and competition -- Savings association and credit unions -- Banking regulation -- The Mutual fund industry -- Insurance companies and pension funds -- Investment banks, security brokers and dealers, and venture capital firms -- Part Seven: The Management of financial institutions: Risk management in financial institutions -- Hedging with financial derivatives -- Finance companies.</subfield>
  </datafield>
  <datafield tag="650" ind1=" " ind2=" ">
    <subfield code="a">Financial institutions </subfield>
    <subfield code="x">United States</subfield>
  </datafield>
  <datafield tag="650" ind1=" " ind2=" ">
    <subfield code="a">Money </subfield>
    <subfield code="x">United States</subfield>
  </datafield>
  <datafield tag="700" ind1=" " ind2=" ">
    <subfield code="a">Eakins, Stanley G. </subfield>
  </datafield>
  <datafield tag="942" ind1=" " ind2=" ">
    <subfield code="2">lcc</subfield>
    <subfield code="c">BK</subfield>
  </datafield>
  <datafield tag="999" ind1=" " ind2=" ">
    <subfield code="c">744</subfield>
    <subfield code="d">8244</subfield>
  </datafield>
  <datafield tag="952" ind1=" " ind2=" ">
    <subfield code="0">0</subfield>
    <subfield code="1">0</subfield>
    <subfield code="2">lcc</subfield>
    <subfield code="4">0</subfield>
    <subfield code="7">0</subfield>
    <subfield code="a">WIUC-1</subfield>
    <subfield code="b">WIUC-1</subfield>
    <subfield code="c">REF</subfield>
    <subfield code="d">2012-04-20</subfield>
    <subfield code="l">0</subfield>
    <subfield code="o">HG181.M558</subfield>
    <subfield code="p">1755/12</subfield>
    <subfield code="r">2012-04-20 00:00:00</subfield>
    <subfield code="t">1</subfield>
    <subfield code="w">2012-04-20</subfield>
    <subfield code="y">BK</subfield>
  </datafield>
  <datafield tag="952" ind1=" " ind2=" ">
    <subfield code="0">0</subfield>
    <subfield code="1">0</subfield>
    <subfield code="2">lcc</subfield>
    <subfield code="4">0</subfield>
    <subfield code="7">0</subfield>
    <subfield code="a">WIUC-1</subfield>
    <subfield code="b">WIUC-1</subfield>
    <subfield code="c">REF</subfield>
    <subfield code="d">2012-04-20</subfield>
    <subfield code="l">0</subfield>
    <subfield code="o">HG181.M5581</subfield>
    <subfield code="p">7069/86/13</subfield>
    <subfield code="r">2018-09-26 00:00:00</subfield>
    <subfield code="t">2</subfield>
    <subfield code="w">2012-04-20</subfield>
    <subfield code="y">BK</subfield>
  </datafield>
</record>
